| 000 | 00836nam a2200205Ia 4500 | ||
|---|---|---|---|
| 003 | OSt | ||
| 005 | 20240322092311.0 | ||
| 008 | 210210b2003 xxu||||| |||| 00| 0 eng d | ||
| 040 | _cAL | ||
| 041 | _aKannada | ||
| 082 | _aK894.8 MALS | ||
| 100 |
_aMALINI MALYA (B), Ed. _993048 _dಮಾಲಿನಿ ಮಲ್ಯ (ಬಿ) |
||
| 245 |
_aShivarama Karantara sahitya shreni: samputa 19 kadambari 18; ileyemba;kannadiyalli kandata _bಶಿವರಾಮ ಕಾರಂತ ಸಾಹಿತ್ಯ ಶ್ರೇಣಿ : ಸಂಪುಟ ೧೯, ಕಾದಂಬರಿ ೧೮ : ಇಳೆಯೆಂಬ,ಕನ್ನಡಿಯಲ್ಲಿ ಕಂಡಾತ |
||
| 260 |
_aBengaluru _bKannada Mattu Samskrathi Nirdeshanalaya _c2003 |
||
| 300 | _ax,468 | ||
| 440 |
_a19 _993049 |
||
| 690 |
_aKannada Collections _993050 |
||
| 906 | _a060174 | ||
| 942 |
_2ddc _cBK |
||
| 999 |
_c107110 _d107110 |
||